00792nam a2200217 i 4500001000400000100002200004245008000026260004600106300002600152490004300178504003100221505002000252650004200272700004700314830004300361020001500404040000800419041000800427008004100435856009800476bgj1 aBROWN, James Dean10aDoing Second Language Research /cJames Dean Brown and Theodore S. Rodgers. aOxford :bOxford University Press,c2002. aXIV, 314 pp ;c20 cm.1 aOxford Handbooks for Language Teachers aBibliography p. [295]-307. aIncludes index. 9aSecond language acquisitionxResearch1 aRODGERS, Theodore S.d(1934- ).eco-author aOxford Handbooks for Language Teachers a0194371743 cBPK0 aeng s uk f |000 0 eng  uhttp://koha.tu.koszalin.pl/cgi-bin/koha/opac-detail.pl?biblionumber=49093yKatalog online BPK